000 00804nam a2200301Ia 4500
005 20250425162220.0
008 250425s9999 xx 000 0 und d
020 _a9706862781
041 _aspa
043 _amx
082 _a519.5
100 _aANDERSON, DAVID R.
245 0 _aESTADISTICA PARA ADMINISTRACION Y ECONOMIA
250 _a8A ED.
260 _aMEXICO
260 _aMéxico
_bTHOMSON
_c2004
300 _a884
500 _aTítulo Traducido: STATISTICS FOR BUSINESS AND ECONOMICS
650 _aADMINISTRACION
650 _aESTADISTICA DESCRIPTIVA
650 _aESTADISTICAS ECONOMICAS
650 _aPROBABILIDAD
700 _aFRANCISCO SANCHEZ FRAGOSO
_etraductor
700 _aSWEENEY, DENNIS J.
700 _aWILLIAMS, THOMAS A.
942 _c01
010 _a57240
999 _c224679
_d224679